[Event "Olympiad Women-44"]
[Site "Chennai"]
[Date "2022.07.29"]
[Round "1.4"]
[White "Koubova, Anna Marie"]
[Black "Galera Serra, Maria"]
[Result "1-0"]
[WhiteElo "2115"]
[BlackElo "1464"]
[PlyCount "65"]
[EventDate "2022.07.29"]
[EventType "team-swiss"]
[EventRounds "11"]
[EventCountry "IND"]
[SourceTitle "CBM 210"]
[Source "ChessBase"]
[SourceDate "2022.10.31"]
[SourceVersion "1"]
[SourceVersionDate "2022.10.31"]
[SourceQuality "1"]
[WhiteTeam "Czech Republic (W)"]
[BlackTeam "Andorra (W)"]
[WhiteTeamCountry "CZE"]
[BlackTeamCountry "AND"]

1. d4 d5 2. c4 c6 3. Nf3 Nf6 4. g3 Bf5 5. Nc3 dxc4 6. Bg2 e6 7. Ne5 Be7 8. Nxc4 0-0 9. 0-0 Nbd7 10. Bf4 Nd5 11. Bd6 N7f6 12. Bxe7 Nxe7 13. e3 h6 14. Rc1 Ned5 15. Qb3 Nxc3 16. bxc3 Rb8 17. Nd2 c5 18. e4 Bg4 19. e5 Nh7 20. Qa4 cxd4 21. cxd4 Be2 22. Rfe1 Ba6 23. Ne4 f6 24. Nc5 Qe8 25. Qb3 fxe5 26. Nxe6 Rf7 27. Nc7 Qd8 28. Bd5 Ng5 29. h4 Nh3+ 30. Kg2 Kh8 31. Bxf7 Nf4+ 32. gxf4 Qxh4 33. Nxa6 1-0

[Event "Palma de Mallorca (Women) 1st"]
[Site "Palma de Mallorca"]
[Date "2021.10.24"]
[Round "4"]
[White "Galera Serra, Maria"]
[Black "Navarro Da Costa, Lais"]
[Result "1/2-1/2"]
[WhiteElo "1460"]
[BlackElo "1069"]
[PlyCount "71"]
[EventDate "2021.10.22"]
[EventType "swiss"]
[EventRounds "5"]
[EventCountry "ESP"]
[SourceTitle "CBM 204 Extra"]
[Source "ChessBase"]
[SourceDate "2021.11.30"]
[SourceVersion "1"]
[SourceVersionDate "2021.11.30"]
[SourceQuality "1"]

1. e4 e5 2. Nf3 Nc6 3. Nc3 Nf6 4. Bc4 Bc5 5. d3 h6 6. Be3 d6 7. h3 Bb6 8. 0-0 0-0 9. Nh2 Be6 10. Bb3 Na5 11. Qd2 Nxb3 12. axb3 Bxe3 13. Qxe3 b6 14. f4 Nh5 15. f5 Bd7 16. Ne2 Qf6 17. Rf2 Qg5 18. Qxg5 hxg5 19. g4 Nf4 20. Nxf4 gxf4 21. Nf3 f6 22. h4 Kf7 23. h5 a5 24. d4 c5 25. dxc5 dxc5 26. Rd2 Rad8 27. Rd6 Bb5 28. Rxb6 Be2 29. Rb7+ Kg8 30. Kf2 Bxf3 31. Kxf3 Rd2 32. Rxa5 Rxc2 33. Raa7 Rd8 34. Rxg7+ Kf8 35. Raf7+ Ke8 36. Re7+ 1/2-1/2

[Event "Palma de Mallorca (Women) 1st"]
[Site "Palma de Mallorca"]
[Date "2021.10.24"]
[Round "5"]
[White "Veloz Jesus, Sara Alicia"]
[Black "Galera Serra, Maria"]
[Result "0-1"]
[WhiteElo "1027"]
[BlackElo "1460"]
[PlyCount "72"]
[EventDate "2021.10.22"]
[EventType "swiss"]
[EventRounds "5"]
[EventCountry "ESP"]
[SourceTitle "CBM 204 Extra"]
[Source "ChessBase"]
[SourceDate "2021.11.30"]
[SourceVersion "1"]
[SourceVersionDate "2021.11.30"]
[SourceQuality "1"]

1. e4 e5 2. Bc4 Nf6 3. Nf3 Nc6 4. Nc3 Bc5 5. d3 h6 6. 0-0 d6 7. h3 Be6 8. Be3 Bb6 9. b3 Qd7 10. Qd2 Ba5 11. a3 Bxc3 12. Qxc3 d5 13. Bb5 d4 14. Nxe5 dxc3 15. Nxd7 Bxd7 16. Rfe1 0-0 17. Bc5 Rfe8 18. a4 b6 19. Ba3 Nd4 20. Rac1 Bxb5 21. axb5 Nxb5 22. Ra1 Nd4 23. Ra2 a5 24. Bc1 Nd5 25. Be3 Nb4 26. Ra4 Ndxc2 27. Rc1 b5 28. Rxb4 Nxb4 29. Rxc3 a4 30. bxa4 bxa4 31. Rxc7 a3 32. Bd4 a2 33. Rc1 Nxd3 34. Rd1 Rxe4 35. Rxd3 Rxd4 36. Rxd4 a1Q+ 0-1

[Event "Palma de Mallorca (Women) 1st"]
[Site "Palma de Mallorca"]
[Date "2021.10.23"]
[Round "3"]
[White "Marti Torrent, Nuria"]
[Black "Galera Serra, Maria"]
[Result "1-0"]
[WhiteElo "1643"]
[BlackElo "1460"]
[PlyCount "61"]
[EventDate "2021.10.22"]
[EventType "swiss"]
[EventRounds "5"]
[EventCountry "ESP"]
[SourceTitle "CBM 204 Extra"]
[Source "ChessBase"]
[SourceDate "2021.11.30"]
[SourceVersion "1"]
[SourceVersionDate "2021.11.30"]
[SourceQuality "1"]

1. e4 e5 2. Nf3 Nc6 3. Bb5 a6 4. Bxc6 dxc6 5. 0-0 Bg4 6. h3 h5 7. d3 Qf6 8. Re1 Ne7 9. Nbd2 Ng6 10. d4 Bd7 11. Nc4 Nf4 12. Nfxe5 0-0-0 13. Bxf4 Qxf4 14. Nxd7 Rxd7 15. Ne5 Re7 16. Qf3 Qxf3 17. Nxf3 g6 18. Re2 Bg7 19. c3 Rhe8 20. Rae1 f5 21. e5 Bh6 22. Nh2 g5 23. g4 hxg4 24. hxg4 Rf8 25. gxf5 Rxf5 26. Ng4 Bg7 27. Kg2 Kd7 28. Rh1 Rf4 29. Kg3 Bf8 30. Rh5 Ref7 31. e6+ 1-0

[Event "Ponts U16 Lleida-ch"]
[Site "Ponts"]
[Date "2013.02.09"]
[Round "3.3"]
[White "Galera Serra, Maria"]
[Black "Grau Mayoral, Nuria"]
[Result "1-0"]
[WhiteElo "1439"]
[BlackElo "1299"]
[PlyCount "75"]
[EventDate "2013.01.26"]
[EventType "swiss"]
[EventRounds "6"]
[EventCountry "ESP"]
[SourceTitle "EXT 2024"]
[Source "ChessBase"]
[SourceDate "2023.10.10"]
[SourceVersion "1"]
[SourceVersionDate "2023.10.10"]
[SourceQuality "1"]

1. e4 d5 2. exd5 Qxd5 3. Nc3 Qa5 4. d4 Nf6 5. Bd2 c6 6. b3 Bf5 7. Nf3 Nbd7 8. a4 e6 9. Nb5 Qd8 10. Nc3 Bb4 11. Na2 Bxd2+ 12. Qxd2 0-0 13. Bd3 Bxd3 14. Qxd3 Re8 15. 0-0 Qc7 16. Nc3 Rad8 17. Ne4 Nxe4 18. Qxe4 Nf6 19. Qh4 Rd7 20. Ne5 Rdd8 21. c3 Nd7 22. Nf3 Nf6 23. Rfe1 Qe7 24. c4 Qb4 25. Rab1 b5 26. axb5 cxb5 27. Ne5 Rc8 28. Nd3 Qc3 29. Nc5 bxc4 30. b4 Red8 31. Red1 Nd5 32. b5 Nb6 33. Rbc1 Qa3 34. Ra1 Qc3 35. Rxa7 e5 36. Qh5 Rxd4 37. Qxf7+ Kh8 38. Qxg7# 1-0

[Event "Ponts U16 Lleida-ch"]
[Site "Ponts"]
[Date "2013.02.02"]
[Round "2.3"]
[White "Borras Camarasa, Jorgina"]
[Black "Galera Serra, Maria"]
[Result "1-0"]
[WhiteElo "1359"]
[BlackElo "1439"]
[PlyCount "79"]
[EventDate "2013.01.26"]
[EventType "swiss"]
[EventRounds "6"]
[EventCountry "ESP"]
[SourceTitle "EXT 2024"]
[Source "ChessBase"]
[SourceDate "2023.10.10"]
[SourceVersion "1"]
[SourceVersionDate "2023.10.10"]
[SourceQuality "1"]

1. e4 e5 2. Nf3 Nc6 3. Nc3 Bc5 4. Bb5 d6 5. h3 Nf6 6. 0-0 0-0 7. Bxc6 bxc6 8. d4 exd4 9. Nxd4 Bxd4 10. Qxd4 h6 11. Rd1 Qe7 12. Bf4 c5 13. Qe3 Bb7 14. e5 dxe5 15. Qxe5 Qxe5 16. Bxe5 Bc6 17. Bxc7 Ne4 18. Nxe4 Bxe4 19. c3 c4 20. Rd4 Bd3 21. Rg4 Rfe8 22. Bf4 f5 23. Rg3 g5 24. Be3 Kh7 25. f4 Rf8 26. fxg5 f4 27. g6+ Kg8 28. g7 fxg3 29. gxf8Q+ Kxf8 30. Bxh6+ Kf7 31. Re1 Rb8 32. Bc1 Kg6 33. Re3 Rf8 34. Rxg3+ Kh5 35. Rg5+ Kh4 36. Be3 Re8 37. Bf4 Re1+ 38. Kh2 Re2 39. Ra5 Rxb2 40. Bg3# 1-0

[Event "Ponts U16 Lleida-ch"]
[Site "Ponts"]
[Date "2013.01.26"]
[Round "1.5"]
[White "Galera Serra, Maria"]
[Black "Tarrago Pinyol, Robert"]
[Result "1-0"]
[WhiteElo "1439"]
[BlackElo "1700"]
[PlyCount "43"]
[EventDate "2013.01.26"]
[EventType "swiss"]
[EventRounds "6"]
[EventCountry "ESP"]
[SourceTitle "EXT 2024"]
[Source "ChessBase"]
[SourceDate "2023.10.10"]
[SourceVersion "1"]
[SourceVersionDate "2023.10.10"]
[SourceQuality "1"]

1. e4 e5 2. Nf3 Nc6 3. Bc4 Nf6 4. Nc3 h6 5. d3 Be7 6. Be3 d6 7. h3 0-0 8. d4 exd4 9. Nxd4 Ne5 10. Bb3 b6 11. Nf3 Ng6 12. Qd3 Be6 13. Nd5 Bd7 14. 0-0-0 Nxd5 15. Bxd5 c6 16. Bb3 a5 17. a4 c5 18. e5 Bc6 19. Qxg6 d5 20. Qxc6 d4 21. Bf4 Rc8 22. Qb5 1-0